| 000 | 00579nam a2200181 i 4500 | ||
|---|---|---|---|
| 001 | 31204 | ||
| 003 | ES-MaACL | ||
| 005 | 20240508161952.0 | ||
| 007 | t| | ||
| 008 | 030128s1972 sp a |||| | spa d | ||
| 100 | 1 |
_aBenavente, Jacinto, _d1866-1954 _927443 |
|
| 245 | 1 | 4 |
_aLos intereses creados / _cJacinto Benavente ; edición de F. Lázaro Carreter. |
| 260 |
_a[Salamanca] : _bAnaya, _c[1972] |
||
| 300 |
_a105 p. : _bil., retr. aut. ; _c17 cm. |
||
| 700 | 1 |
_aLázaro Carreter, Fernando, _d1923-2004 _970798 |
|
| 852 |
_aES-MaACL _jC-44365 |
||
| 999 |
_c31204 _d31204 |
||